[Event "2. Bundesliga West 2011/12"]
[Site "Salzburg"]
[Date "2012.03.10"]
[Round "10"]
[Board "6"]
[White "Stoeckl, Norbert"]
[Black "Nussbaumer, Laslo"]
[Result "1-0"]
[WhiteElo "2057"]
[BlackElo "1816"]
[PlyCount "39"]
[EventDate "2011.10.07"]
[EventType "team"]
[EventRounds "11"]
[EventCountry "AUT"]
[WhiteTeam "Schwarzach"]
[BlackTeam "Hohenems 2"]

1. e4 c5 2. Nf3 e6 3. d4 cxd4 4. Nxd4 Nc6 5. Nc3 Qc7 6. Ndb5 Qb8 7. a4 a6 8.
Na3 Nf6 9. Nc4 b6 10. g3 Qc7 11. Bg2 Bb7 12. O-O Rb8 13. Bf4 e5 14. Bg5 Nb4 15.
Nxe5 Qxe5 16. Bf4 Qc5 17. Bxb8 d6 18. e5 Bxg2 19. Kxg2 dxe5 20. Bxe5 1-0

[Event "2. Bundesliga West 2011/12"]
[Site "Salzburg"]
[Date "2012.03.10"]
[Round "10"]
[Board "1"]
[White "Deglmann, Ludwig"]
[Black "Medvegy, Zoltan"]
[Result "1/2-1/2"]
[WhiteElo "2324"]
[BlackElo "2531"]
[PlyCount "99"]
[EventDate "2011.10.07"]
[EventType "team"]
[EventRounds "11"]
[EventCountry "AUT"]
[WhiteTeam "Sparkasse Jenbach 2"]
[BlackTeam "ATSV Ranshofen"]

1. c4 e5 2. Nc3 Nc6 3. g3 g6 4. Bg2 Bg7 5. e4 Nd4 6. Nge2 Nxe2 7. Nxe2 d6 8. d4
exd4 9. Nxd4 Nf6 10. O-O O-O 11. Rb1 Re8 12. Re1 a5 13. b3 c6 14. Bf4 Nh5 15.
Be3 Nf6 16. Bf4 Nh5 17. Be3 Nf6 18. f3 Qe7 19. Bf2 Nd7 20. Kh1 Nc5 21. Qd2 Bd7
22. Rbd1 Red8 23. h3 Be8 24. f4 Qc7 25. Qc2 Qb6 26. Nf3 Qb4 27. e5 dxe5 28.
Nxe5 a4 29. Rxd8 Rxd8 30. Rd1 axb3 31. axb3 Ra8 32. Rb1 Ne6 33. Be1 Qe7 34. Bc3
c5 35. Re1 Nd4 36. Qf2 Qd6 37. b4 Ne6 38. bxc5 Nxc5 39. Bb4 Bf8 40. Bxc5 Qxc5
41. Qxc5 Bxc5 42. Nd3 Bf8 43. Bxb7 Ra3 44. Rxe8 Rxd3 45. Kg2 Kg7 46. Rc8 Rd2+
47. Kf3 Rd3+ 48. Kf2 Ra3 49. Bd5 Bd6 50. h4 1/2-1/2

[Event "2. Bundesliga West 2011/12"]
[Site "Salzburg"]
[Date "2012.03.10"]
[Round "10"]
[Board "2"]
[White "Dovzik, Juri"]
[Black "Reich, Thomas"]
[Result "1/2-1/2"]
[WhiteElo "2341"]
[BlackElo "2388"]
[PlyCount "47"]
[EventDate "2011.10.07"]
[EventType "team"]
[EventRounds "11"]
[EventCountry "AUT"]
[WhiteTeam "ATSV Ranshofen"]
[BlackTeam "Sparkasse Jenbach 2"]

1. e4 c5 2. Nf3 g6 3. d4 cxd4 4. Nxd4 Bg7 5. c4 Nc6 6. Be3 Nf6 7. Nc3 O-O 8.
Be2 b6 9. O-O Bb7 10. f3 Nh5 11. Kh1 Nxd4 12. Bxd4 e5 13. Bf2 Nf4 14. Bd3 Rc8
15. Re1 Ne6 16. Qd2 Qe7 17. Rad1 Rfd8 18. Bf1 Nd4 19. b3 Ne6 20. Nb5 Ra8 21.
Nc3 Rac8 22. Nb5 Ra8 23. Nc3 Rac8 24. Nb5 1/2-1/2

[Event "2. Bundesliga West 2011/12"]
[Site "Salzburg"]
[Date "2012.03.10"]
[Round "10"]
[Board "3"]
[White "Micheli, Carlo"]
[Black "Ager, Josef"]
[Result "1/2-1/2"]
[WhiteElo "2268"]
[BlackElo "2195"]
[PlyCount "92"]
[EventDate "2011.10.07"]
[EventType "team"]
[EventRounds "11"]
[EventCountry "AUT"]
[WhiteTeam "Sparkasse Jenbach 2"]
[BlackTeam "ATSV Ranshofen"]

1. e4 e5 2. Nf3 Nc6 3. Bb5 a6 4. Ba4 Nf6 5. d3 b5 6. Bb3 Be7 7. Nc3 d6 8. a4 b4
9. Ne2 Na5 10. Ba2 b3 11. Bd2 c5 12. cxb3 Nc6 13. b4 Nxb4 14. Bxb4 cxb4 15. a5
O-O 16. Ng3 Rb8 17. Bc4 Nd7 18. O-O Bf6 19. d4 Bb7 20. Nf5 Bxe4 21. Nxd6 Bxf3
22. Qxf3 exd4 23. Qd5 Ne5 24. Bb3 Qd7 25. Ne4 Qxd5 26. Nxf6+ gxf6 27. Bxd5 Rfd8
28. Bb3 Rbc8 29. Rfd1 Rc5 30. Rac1 Nd3 31. Rxc5 Nxc5 32. Bc4 Kg7 33. Kf1 f5 34.
Ke2 Rd6 35. Kf3 Kf6 36. Kf4 Nb7 37. Bd3 Nxa5 38. Ra1 Nb3 39. Rxa6 Rxa6 40. Bxa6
Nc5 41. Bc4 Na4 42. b3 Nb6 43. Bd3 Nd5+ 44. Kf3 Nc7 45. g3 h6 46. Ke2 Ke6
1/2-1/2

[Event "2. Bundesliga West 2011/12"]
[Site "Salzburg"]
[Date "2012.03.10"]
[Round "10"]
[Board "4"]
[White "Riediger, Martin"]
[Black "Hoellrigl, Wilfried"]
[Result "0-1"]
[WhiteElo "2232"]
[BlackElo "2186"]
[PlyCount "84"]
[EventDate "2011.10.07"]
[EventType "team"]
[EventRounds "11"]
[EventCountry "AUT"]
[WhiteTeam "ATSV Ranshofen"]
[BlackTeam "Sparkasse Jenbach 2"]

1. c4 Nf6 2. g3 g6 3. Bg2 Bg7 4. Nc3 d6 5. e4 O-O 6. Nge2 c5 7. O-O Nc6 8. d3
Ne8 9. Be3 Nd4 10. Qd2 Nc7 11. Bh6 Rb8 12. Nxd4 cxd4 13. Ne2 e5 14. Bxg7 Kxg7
15. f4 f5 16. fxe5 dxe5 17. Qa5 Qe7 18. exf5 Bxf5 19. Rae1 Rfd8 20. Nf4 b5 21.
Rf2 Qd6 22. g4 Bxg4 23. Nd5 Nxd5 24. Bxd5 Rd7 25. b3 b4 26. Be4 Qc7 27. Qxc7
Rxc7 28. Bd5 Re7 29. Rf4 exf4 30. Rxe7+ Kh6 31. Be4 a6 32. Rf7 Kg5 33. Rxh7 Re8
34. Rb7 Rxe4 35. dxe4 d3 36. h4+ Kxh4 37. Rh7+ Kg3 38. Rh2 Be2 39. Rg2+ Kf3 40.
Rxg6 d2 41. Rd6 d1=Q+ 42. Rxd1 Bxd1 0-1

[Event "2. Bundesliga West 2011/12"]
[Site "Salzburg"]
[Date "2012.03.10"]
[Round "10"]
[Board "5"]
[White "Schnegg, Daniel"]
[Black "Knechtel, Roland"]
[Result "1/2-1/2"]
[WhiteElo "2134"]
[BlackElo "2222"]
[PlyCount "79"]
[EventDate "2011.10.07"]
[EventType "team"]
[EventRounds "11"]
[EventCountry "AUT"]
[WhiteTeam "Sparkasse Jenbach 2"]
[BlackTeam "ATSV Ranshofen"]

1. e4 c6 2. d4 d5 3. Nc3 dxe4 4. Nxe4 Bf5 5. Ng3 Bg6 6. Nf3 Nd7 7. h4 h6 8. h5
Bh7 9. Bd3 Bxd3 10. Qxd3 e6 11. Bf4 Qa5+ 12. Bd2 Bb4 13. c3 Be7 14. a3 Ngf6 15.
Bf4 c5 16. O-O cxd4 17. Qxd4 O-O 18. b4 Qd5 19. Rad1 Rfc8 20. Qe3 Qb3 21. Ne2
Nd5 22. Qd2 N7f6 23. Bxh6 gxh6 24. Qxh6 Qc2 25. Qg5+ Kh8 26. Ne5 Qh7 27. c4
Nxh5 28. Nxf7+ Qxf7 29. Qh6+ Kg8 30. cxd5 exd5 31. Rd4 Rc6 32. Rg4+ Ng7 33. Qh3
Rg6 34. Rxg6 Qxg6 35. Qd7 Qc6 36. Qxe7 Re8 37. Qg5 Rxe2 38. Rc1 Qd7 39. Rd1 d4
40. Qf4 1/2-1/2

[Event "2. Bundesliga West 2011/12"]
[Site "Salzburg"]
[Date "2012.03.10"]
[Round "10"]
[Board "6"]
[White "Fruehauf, Norbert"]
[Black "Schnegg, Anna-Lena"]
[Result "1-0"]
[WhiteElo "2049"]
[BlackElo "2017"]
[PlyCount "89"]
[EventDate "2011.10.07"]
[EventType "team"]
[EventRounds "11"]
[EventCountry "AUT"]
[WhiteTeam "ATSV Ranshofen"]
[BlackTeam "Sparkasse Jenbach 2"]

1. e4 e5 2. Nf3 Nc6 3. Bb5 a6 4. Ba4 Nf6 5. O-O Be7 6. Re1 b5 7. Bb3 O-O 8. h3
d6 9. c3 Na5 10. Bc2 c5 11. d4 Qc7 12. Nbd2 cxd4 13. cxd4 exd4 14. Nxd4 Bb7 15.
Nf1 d5 16. e5 Ne4 17. f3 Bh4 18. fxe4 Bxe1 19. Qxe1 dxe4 20. Qg3 Rfe8 21. Bf4
Qc5 22. Qf2 Rad8 23. Nf5 Qxf2+ 24. Kxf2 Nc4 25. Nd6 e3+ 26. Nxe3 Re7 27. Nexc4
bxc4 28. Rd1 Ba8 29. Nxc4 Rxd1 30. Bxd1 Bc6 31. Nd6 Bd5 32. a3 f6 33. exf6 gxf6
34. g3 Rd7 35. Be2 a5 36. Ke3 a4 37. Bb5 Re7+ 38. Kd2 Bb3 39. Kc3 Rc7+ 40. Nc4
Rc8 41. Kb4 Bd1 42. Nb6 Rc2 43. Nxa4 Rh2 44. h4 Bxa4 45. Bxa4 1-0

[Event "2. Bundesliga West 2011/12"]
[Site "Salzburg"]
[Date "2012.03.11"]
[Round "11"]
[Board "1"]
[White "Levushkina,  Elena"]
[Black "Platzgummer, Fabian"]
[Result "1/2-1/2"]
[WhiteElo "2310"]
[BlackElo "2304"]
[PlyCount "60"]
[EventDate "2011.10.07"]
[EventType "team"]
[EventRounds "11"]
[EventCountry "AUT"]
[WhiteTeam "Kufstein / Woergl 2"]
[BlackTeam "Zillertal"]

1. e4 e5 2. Nf3 Nc6 3. d4 exd4 4. Nxd4 Nf6 5. Nc3 Bb4 6. Nxc6 bxc6 7. Bd3 d5 8.
exd5 cxd5 9. O-O O-O 10. Bg5 c6 11. Qf3 Bd6 12. Rae1 Rb8 13. Nd1 h6 14. Bxf6
Qxf6 15. Qxf6 gxf6 16. b3 f5 17. Ne3 f4 18. Nf5 Bxf5 19. Bxf5 Rbd8 20. g3 Kg7
21. Kg2 Kf6 22. Bd3 Rfe8 23. Kf3 fxg3 24. hxg3 Bb4 25. Rxe8 Rxe8 26. Rh1 Bd2
27. Ba6 Re7 28. Rd1 Bc3 29. Rh1 Bd2 30. Rd1 Bc3 1/2-1/2

[Event "2. Bundesliga West 2011/12"]
[Site "Salzburg"]
[Date "2012.03.11"]
[Round "11"]
[Board "2"]
[White "Lanka, Zigurds"]
[Black "Rusche, Johannes"]
[Result "1-0"]
[WhiteElo "2442"]
[BlackElo "2233"]
[PlyCount "73"]
[EventDate "2011.10.07"]
[EventType "team"]
[EventRounds "11"]
[EventCountry "AUT"]
[WhiteTeam "Zillertal"]
[BlackTeam "Kufstein / Woergl 2"]

1. e4 c5 2. Nf3 e6 3. d4 cxd4 4. Nxd4 a6 5. Nc3 Qc7 6. Bd3 Nf6 7. f4 d6 8. Qf3
Nbd7 9. Bd2 b5 10. g4 h6 11. O-O-O Bb7 12. Kb1 Nc5 13. Rhe1 O-O-O 14. g5 b4 15.
gxf6 bxc3 16. Bxc3 gxf6 17. Nb3 Nxd3 18. cxd3 Qe7 19. Qf2 Kb8 20. Qb6 e5 21.
Bd2 d5 22. Bb4 Qd7 23. Nc5 Bxc5 24. Bxc5 Qc6 25. Qa7+ Kc7 26. Bb6+ Kd7 27. Bxd8
Rxd8 28. fxe5 fxe5 29. Qf2 Qe6 30. d4 dxe4 31. dxe5+ Ke8 32. Rxd8+ Kxd8 33. Qc5
Qe7 34. Qa7 Qd7 35. Qb6+ Qc7 36. Rd1+ Kc8 37. Rc1 1-0

[Event "2. Bundesliga West 2011/12"]
[Site "Salzburg"]
[Date "2012.03.11"]
[Round "11"]
[Board "4"]
[White "Tabernig, Bernhard"]
[Black "Pitschka, Claus"]
[Result "1-0"]
[WhiteElo "2317"]
[BlackElo "2235"]
[PlyCount "39"]
[EventDate "2011.10.07"]
[EventType "team"]
[EventRounds "11"]
[EventCountry "AUT"]
[WhiteTeam "Zillertal"]
[BlackTeam "Kufstein / Woergl 2"]

1. d4 d5 2. c4 c6 3. cxd5 cxd5 4. Nc3 Nf6 5. Bf4 Nc6 6. e3 a6 7. Rc1 Bf5 8. Nf3
Rc8 9. Ne5 Nxe5 10. Bxe5 e6 11. Qb3 Qd7 12. Bxf6 gxf6 13. Be2 Bd6 14. O-O Qc6
15. Nb5 Qxc1 16. Nxd6+ Kd7 17. Nxf5 Qc2 18. Qxb7+ Rc7 19. Qxa6 Qxf5 20. Bb5+
1-0

[Event "2. Bundesliga West 2011/12"]
[Site "Salzburg"]
[Date "2012.03.11"]
[Round "11"]
[Board "5"]
[White "Englert, Jan"]
[Black "Csrnko, Werner"]
[Result "1/2-1/2"]
[WhiteElo "2120"]
[BlackElo "1935"]
[PlyCount "46"]
[EventDate "2011.10.07"]
[EventType "team"]
[EventRounds "11"]
[EventCountry "AUT"]
[WhiteTeam "Kufstein / Woergl 2"]
[BlackTeam "Zillertal"]

1. d4 g6 2. Nc3 Bg7 3. e4 d6 4. Nf3 Bg4 5. Be2 Nf6 6. O-O O-O 7. Be3 Bxf3 8.
Bxf3 Nbd7 9. Qd2 e5 10. d5 a6 11. a4 a5 12. Be2 Nb8 13. Rad1 Na6 14. Bxa6 Rxa6
15. Bh6 Ra8 16. Bxg7 Kxg7 17. b3 Nd7 18. Qe3 Qe7 19. f3 Nc5 20. Ne2 Qd7 21. Nc3
Qe7 22. Ne2 Qd7 23. Nc3 Qe7 1/2-1/2

[Event "2. Bundesliga West 2011/12"]
[Site "Salzburg"]
[Date "2012.03.11"]
[Round "11"]
[Board "6"]
[White "Kroell, Stefan"]
[Black "Steinbacher, Thomas"]
[Result "0-1"]
[WhiteElo "1748"]
[BlackElo "2053"]
[PlyCount "80"]
[EventDate "2011.10.07"]
[EventType "team"]
[EventRounds "11"]
[EventCountry "AUT"]
[WhiteTeam "Zillertal"]
[BlackTeam "Kufstein / Woergl 2"]

1. c4 e5 2. g3 Nc6 3. Nc3 f5 4. Nf3 e4 5. Nh4 d6 6. d4 Be7 7. Ng2 Bf6 8. Be3
Nge7 9. Nf4 O-O 10. f3 exf3 11. exf3 Qe8 12. Kf2 Qf7 13. Nb5 Ng6 14. Nd5 Bd8
15. f4 a6 16. Na3 Nce7 17. Bg2 c6 18. Nc3 Rb8 19. b4 Be6 20. d5 cxd5 21. cxd5
Bd7 22. Nc2 Nc8 23. Re1 Nb6 24. Qd3 Rc8 25. Na3 Na4 26. Bd4 Nxc3 27. Bxc3 Re8
28. Rxe8+ Bxe8 29. Re1 Nf8 30. Bd4 Bf6 31. Bxf6 Qxf6 32. Nc4 Bb5 33. Rc1 Nd7
34. Bh3 g6 35. Bf1 Nb6 36. Qc3 Qxc3 37. Rxc3 Bxc4 38. Bxc4 Rxc4 39. Rxc4 Nxc4
40. Ke2 Nb6 0-1

[Event "2. Bundesliga West 2011/12"]
[Site "Salzburg"]
[Date "2012.03.11"]
[Round "11"]
[Board "1"]
[White "Westermeier, Arnulf"]
[Black "Schmidt, Georg"]
[Result "1/2-1/2"]
[WhiteElo "2260"]
[BlackElo "2368"]
[PlyCount "63"]
[EventDate "2011.10.07"]
[EventType "team"]
[EventRounds "11"]
[EventCountry "AUT"]
[WhiteTeam "ASK Salzburg"]
[BlackTeam "Rochade Rum"]

1. e4 e6 2. d4 d5 3. e5 c5 4. dxc5 Nc6 5. Nf3 Bxc5 6. Bd3 f6 7. Qe2 fxe5 8.
Nxe5 Nxe5 9. Qxe5 Nf6 10. O-O O-O 11. Nc3 Bd6 12. Qe2 a6 13. f4 Qc7 14. Qf3 Qf7
15. Be3 Bd7 16. Rae1 Rae8 17. Bd4 Nh5 18. Be5 Bxe5 19. fxe5 Qxf3 20. Rxf3 Rxf3
21. gxf3 Rf8 22. Kg2 Nf4+ 23. Kg3 Be8 24. Ne2 g5 25. Nxf4 Rxf4 26. c3 Kg7 27.
Bc2 Bg6 28. Bd1 d4 29. cxd4 Rxd4 30. Bb3 Bf5 31. Rd1 Rf4 32. Re1 1/2-1/2

[Event "2. Bundesliga West 2011/12"]
[Site "Salzburg"]
[Date "2012.03.11"]
[Round "11"]
[Board "2"]
[White "Panteleev, Petar"]
[Black "Juergens, Klaus"]
[Result "0-1"]
[WhiteElo "2347"]
[BlackElo "2165"]
[PlyCount "70"]
[EventDate "2011.10.07"]
[EventType "team"]
[EventRounds "11"]
[EventCountry "AUT"]
[WhiteTeam "Rochade Rum"]
[BlackTeam "ASK Salzburg"]

1. d4 Nf6 2. Nf3 g6 3. c4 Bg7 4. Nc3 d6 5. e4 O-O 6. Be2 e5 7. O-O Nc6 8. d5
Ne7 9. b4 Nh5 10. Re1 a5 11. Ba3 axb4 12. Bxb4 Nf4 13. Bf1 Bg4 14. h3 Bxf3 15.
Qxf3 c5 16. dxc6 Nxc6 17. Rab1 Nd4 18. Qd1 Nfe6 19. Nb5 Rxa2 20. Nxd4 Nxd4 21.
Bc3 Qc7 22. Bxd4 exd4 23. Rb5 Rfa8 24. Qb3 R8a3 25. Qb1 d3 26. Rxb7 Qc5 27.
Rb8+ Bf8 28. Rb2 Qa7 29. Rxa2 Rxa2 30. c5 dxc5 31. Qxd3 c4 32. Qf3 Rxf2 33.
Qxf2 Bc5 34. Qxc5 Qxc5+ 35. Kh1 c3 0-1

[Event "2. Bundesliga West 2011/12"]
[Site "Salzburg"]
[Date "2012.03.11"]
[Round "11"]
[Board "3"]
[White "Besner, Bernhard"]
[Black "Heinzel, Olaf"]
[Result "1/2-1/2"]
[WhiteElo "2175"]
[BlackElo "2347"]
[PlyCount "93"]
[EventDate "2011.10.07"]
[EventType "team"]
[EventRounds "11"]
[EventCountry "AUT"]
[WhiteTeam "ASK Salzburg"]
[BlackTeam "Rochade Rum"]

1. e4 d5 2. exd5 Qxd5 3. Nc3 Qd6 4. d4 Nf6 5. Nf3 c6 6. g3 Bg4 7. Be2 e6 8. Bf4
Qd8 9. h3 Bxf3 10. Bxf3 Nbd7 11. O-O Be7 12. Qd3 O-O 13. Rad1 Rc8 14. Ne4 Nd5
15. Bd2 b5 16. b3 b4 17. c4 bxc3 18. Nxc3 Nxc3 19. Bxc3 Nf6 20. Rc1 Nd5 21. Rc2
Bf6 22. Be4 Nxc3 23. Rxc3 Bxd4 24. Rc4 c5 25. Rd1 f5 26. Bg2 e5 27. Qf3 Kh8 28.
Kh2 Qf6 29. Rd2 Rce8 30. Re2 g5 31. Qc6 Re6 32. Qc7 f4 33. Be4 Re7 34. Qc6
fxg3+ 35. fxg3 Qf1 36. Rg2 Qe1 37. Qd6 Ref7 38. Bd3 e4 39. Rxd4 exd3 40. Rd5 d2
41. Rdxd2 Rf1 42. Rg1 R8f2+ 43. Rxf2 Rxf2+ 44. Rg2 Rxg2+ 45. Kxg2 Qe2+ 46. Kg1
Qe1+ 47. Kg2 1/2-1/2

[Event "2. Bundesliga West 2011/12"]
[Site "Salzburg"]
[Date "2012.03.11"]
[Round "11"]
[Board "4"]
[White "Gatterer, Florian"]
[Black "Loeffler, Christoph"]
[Result "1-0"]
[WhiteElo "2274"]
[BlackElo "2161"]
[PlyCount "121"]
[EventDate "2011.10.07"]
[EventType "team"]
[EventRounds "11"]
[EventCountry "AUT"]
[WhiteTeam "Rochade Rum"]
[BlackTeam "ASK Salzburg"]

1. d4 d5 2. Bf4 Nf6 3. e3 c5 4. c3 Nc6 5. Nd2 Bf5 6. Qb3 Qd7 7. Ngf3 c4 8. Qd1
h6 9. Be2 g5 10. Ne5 Qe6 11. Bg3 Bg7 12. b3 Nxe5 13. Bxe5 cxb3 14. axb3 O-O 15.
Qc1 Rfc8 16. O-O Ne4 17. Nxe4 Bxe4 18. Bxg7 Kxg7 19. Qd2 Qb6 20. Ra3 Qc6 21. c4
b6 22. Rfa1 Rc7 23. Ra6 f6 24. c5 Rb8 25. b4 Qd7 26. f3 Bg6 27. Qa2 Rbb7 28.
Kf2 e5 29. Qd2 e4 30. Qc3 exf3 31. Bxf3 Be8 32. h3 h5 33. Be2 g4 34. hxg4 hxg4
35. Kg1 Qf5 36. Rf1 Qg5 37. Rf4 f5 38. Qe1 Kh8 39. Qg3 Re7 40. Bd3 Bd7 41. c6
Bxc6 42. Bxf5 Bd7 43. Qh2+ Kg8 44. Rxg4 Qxg4 45. Bxg4 Bxg4 46. Qd6 Rbd7 47.
Qb8+ Kh7 48. Qg3 Rg7 49. Ra2 Bf5 50. Qe5 Be4 51. Rf2 Rde7 52. Qh5+ Kg8 53. g4
Rh7 54. Qg5+ Rhg7 55. Qf4 Rgf7 56. Qb8+ Kg7 57. Rf4 Kg6 58. Kh2 Bf3 59. Kg3
Rxe3 60. Rxf7 Bd1+ 61. Kh4 1-0

[Event "2. Bundesliga West 2011/12"]
[Site "Salzburg"]
[Date "2012.03.11"]
[Round "11"]
[Board "5"]
[White "Scheiblmaier, Robert"]
[Black "Hengl, Christian"]
[Result "1/2-1/2"]
[WhiteElo "2113"]
[BlackElo "2240"]
[PlyCount "105"]
[EventDate "2011.10.07"]
[EventType "team"]
[EventRounds "11"]
[EventCountry "AUT"]
[WhiteTeam "ASK Salzburg"]
[BlackTeam "Rochade Rum"]

1. d4 f5 2. g3 Nf6 3. Bg2 e6 4. Nf3 Be7 5. O-O O-O 6. c4 d6 7. b3 a5 8. Nc3 Ne4
9. Qc2 Nxc3 10. Qxc3 Nc6 11. Ba3 Qe8 12. Rad1 Bf6 13. Qd2 Nb4 14. Bc1 e5 15. d5
b6 16. a3 Na6 17. Bb2 Nc5 18. Qc2 Bd7 19. Nd2 Qh5 20. Rfe1 g5 21. Ra1 g4 22. f4
Rae8 23. e3 Re7 24. Nf1 Qe8 25. Bc3 h5 26. Rab1 h4 27. gxh4 Bxh4 28. Ng3 Qg6
29. b4 Na4 30. bxa5 Nxc3 31. Qxc3 bxa5 32. Qxa5 Rfe8 33. Kf2 Qh6 34. Qd2 exf4
35. exf4 Rxe1 36. Rxe1 Rxe1 37. Kxe1 Bf6 38. Bf1 Qg7 39. Kf2 Bc3 40. Qd3 Qd4+
41. Qxd4 Bxd4+ 42. Kg2 Kf7 43. Bd3 Kf6 44. Bc2 Bc5 45. a4 Be3 46. Ne2 c6 47.
Kg3 cxd5 48. cxd5 Bd2 49. Nd4 Be1+ 50. Kg2 Bd2 51. Kg3 Be1+ 52. Kg2 Bd2 53. Kg3
1/2-1/2

[Event "2. Bundesliga West 2011/12"]
[Site "Salzburg"]
[Date "2012.03.11"]
[Round "11"]
[Board "6"]
[White "Jedinger, Andreas"]
[Black "Herrmann, Michael"]
[Result "1/2-1/2"]
[WhiteElo "2191"]
[BlackElo "2118"]
[PlyCount "65"]
[EventDate "2011.10.07"]
[EventType "team"]
[EventRounds "11"]
[EventCountry "AUT"]
[WhiteTeam "Rochade Rum"]
[BlackTeam "ASK Salzburg"]

1. e4 c6 2. d4 d5 3. Nc3 dxe4 4. Nxe4 Bf5 5. Ng3 Bg6 6. h4 h6 7. Nf3 Nd7 8. h5
Bh7 9. Bd3 Bxd3 10. Qxd3 e6 11. Bf4 Qa5+ 12. Bd2 Qc7 13. O-O-O Ngf6 14. Ne4
O-O-O 15. Nxf6 Nxf6 16. Rh4 Bd6 17. Qe2 Nd7 18. Rg4 Rhg8 19. Re1 Kb8 20. Ne5
Nb6 21. Ba5 c5 22. Qb5 cxd4 23. Bxb6 axb6 24. Rxd4 Bxe5 25. Rxd8+ Rxd8 26. Rxe5
Qc6 27. f3 Qd6 28. Qe2 Qd4 29. c3 Qa4 30. a3 Qf4+ 31. Kc2 Qa4+ 32. Kc1 Qf4+ 33.
Kc2 1/2-1/2

[Event "2. Bundesliga West 2011/12"]
[Site "Salzburg"]
[Date "2012.03.11"]
[Round "11"]
[Board "1"]
[White "Eisenbeiser, Amadeus"]
[Black "Luther, Thomas"]
[Result "1/2-1/2"]
[WhiteElo "2409"]
[BlackElo "2524"]
[PlyCount "60"]
[EventDate "2011.10.07"]
[EventType "team"]
[EventRounds "11"]
[EventCountry "AUT"]
[WhiteTeam "Goetzis"]
[BlackTeam "SC Absam"]

1. e4 c5 2. Nf3 e6 3. c4 Nc6 4. d4 cxd4 5. Nxd4 Nf6 6. Nc3 Bb4 7. Nxc6 dxc6 8.
Qxd8+ Kxd8 9. e5 Nd7 10. Bf4 Bxc3+ 11. bxc3 b6 12. h4 Ke7 13. O-O-O Nc5 14. f3
Ba6 15. h5 h6 16. Bg3 Rhd8 17. Rd4 Ke8 18. Bh4 Rd7 19. Rh3 Rxd4 20. cxd4 Nd7
21. f4 c5 22. Ra3 Bb7 23. d5 exd5 24. cxd5 Bxd5 25. Bb5 a6 26. Bxd7+ Kxd7 27.
Rg3 Ke6 28. Rxg7 Kf5 29. g3 Bxa2 30. Rh7 Ke4 1/2-1/2

[Event "2. Bundesliga West 2011/12"]
[Site "Salzburg"]
[Date "2012.03.11"]
[Round "11"]
[Board "2"]
[White "Rotstein, Arkadij"]
[Black "Krassowizkij, Jaroslaw"]
[Result "1-0"]
[WhiteElo "2502"]
[BlackElo "2356"]
[PlyCount "55"]
[EventDate "2011.10.07"]
[EventType "team"]
[EventRounds "11"]
[EventCountry "AUT"]
[WhiteTeam "SC Absam"]
[BlackTeam "Goetzis"]

1. g3 g6 2. Bg2 Bg7 3. e4 c5 4. d3 Nc6 5. f4 d6 6. Nf3 e6 7. O-O Nge7 8. c3 O-O
9. Be3 b5 10. d4 cxd4 11. cxd4 d5 12. e5 a5 13. Nc3 a4 14. Bf2 Qa5 15. Rc1 Ba6
16. Re1 b4 17. Nxa4 Bb5 18. Nc5 Qxa2 19. Nd7 Ba4 20. Qe2 Nxd4 21. Nf6+ Bxf6 22.
Nxd4 Bg7 23. Ra1 Qc4 24. Qxc4 dxc4 25. Bxa8 Rxa8 26. Rec1 c3 27. b3 Bc6 28.
Nxc6 1-0

[Event "2. Bundesliga West 2011/12"]
[Site "Salzburg"]
[Date "2012.03.11"]
[Round "11"]
[Board "3"]
[White "Schloetzer, Waldemar"]
[Black "Dizdar, Goran"]
[Result "0-1"]
[WhiteElo "2308"]
[BlackElo "2495"]
[PlyCount "76"]
[EventDate "2011.10.07"]
[EventType "team"]
[EventRounds "11"]
[EventCountry "AUT"]
[WhiteTeam "Goetzis"]
[BlackTeam "SC Absam"]

1. d4 e6 2. c4 Nf6 3. g3 d5 4. Bg2 Bb4+ 5. Bd2 Be7 6. Nf3 O-O 7. O-O c6 8. Qc2
Nbd7 9. Bf4 a5 10. Nbd2 Nh5 11. Ne5 Nxe5 12. Bxe5 f6 13. Bf4 Bd7 14. Rad1 a4
15. e4 Nxf4 16. gxf4 dxe4 17. Qxe4 Bd6 18. c5 Bc7 19. Nc4 Qb8 20. Rd3 Rf7 21.
Rh3 g6 22. Rf3 Kg7 23. h4 Kh8 24. Re1 Qf8 25. h5 gxh5 26. f5 exf5 27. Qh4 Rg7
28. Nb6 Bxb6 29. cxb6 Rg4 30. Qxh5 Qb4 31. Re2 Rag8 32. Rg3 Rxg3 33. fxg3 Qxd4+
34. Kh2 f4 35. Be4 f5 36. Bxf5 fxg3+ 37. Kh3 Bxf5+ 38. Qxf5 g2 0-1

[Event "2. Bundesliga West 2011/12"]
[Site "Salzburg"]
[Date "2012.03.11"]
[Round "11"]
[Board "4"]
[White "Wegerle, Joerg"]
[Black "Kessler, Luca"]
[Result "1/2-1/2"]
[WhiteElo "2450"]
[BlackElo "2247"]
[PlyCount "81"]
[EventDate "2011.10.07"]
[EventType "team"]
[EventRounds "11"]
[EventCountry "AUT"]
[WhiteTeam "SC Absam"]
[BlackTeam "Goetzis"]

1. c4 e5 2. g3 Nf6 3. Bg2 d5 4. cxd5 Nxd5 5. Nc3 Nb6 6. Nf3 Nc6 7. O-O Be7 8.
Rb1 O-O 9. b4 Bf5 10. b5 Nd4 11. d3 Nxf3+ 12. Bxf3 Qc8 13. a4 a5 14. Be3 Be6
15. Qc2 f5 16. Qb2 e4 17. dxe4 Nc4 18. Qc1 Ba3 19. Qc2 Nxe3 20. fxe3 Kh8 21.
Nd5 Bd6 22. Nf4 fxe4 23. Bxe4 Bf5 24. Rbd1 Bxe4 25. Qxe4 Qe8 26. Ne6 Rxf1+ 27.
Rxf1 Qe7 28. Qf5 Re8 29. Ng5 g6 30. Qf7 Bc5 31. Kg2 h6 32. Nh3 Qe4+ 33. Rf3
Bxe3 34. Qf6+ Kh7 35. Qf7+ Kh8 36. Qxc7 g5 37. Qf7 g4 38. Qf6+ Kg8 39. Qf7+ Kh8
40. Qf6+ Kg8 41. Qf7+ 1/2-1/2

[Event "2. Bundesliga West 2011/12"]
[Site "Salzburg"]
[Date "2012.03.11"]
[Round "11"]
[Board "6"]
[White "Gerhold, Michael"]
[Black "Kranz, Armin"]
[Result "1/2-1/2"]
[WhiteElo "2251"]
[BlackElo "2100"]
[PlyCount "61"]
[EventDate "2011.10.07"]
[EventType "team"]
[EventRounds "11"]
[EventCountry "AUT"]
[WhiteTeam "SC Absam"]
[BlackTeam "Goetzis"]

1. Nf3 Nf6 2. g3 b6 3. Bg2 Bb7 4. O-O c5 5. c4 e6 6. Nc3 Be7 7. Re1 d5 8. cxd5
Nxd5 9. e4 Nb4 10. d4 cxd4 11. Nxd4 N8c6 12. Be3 O-O 13. Nxc6 Nxc6 14. Qe2 Bf6
15. Red1 Qe7 16. Rac1 Rfd8 17. f4 Bd4 18. Qf2 Qc5 19. Nd5 Bxe3 20. Nxe3 Rxd1+
21. Rxd1 Rd8 22. Rxd8+ Nxd8 23. Qd2 Qc7 24. Nc4 h6 25. Nd6 e5 26. Bf1 exf4 27.
gxf4 Ne6 28. b4 a5 29. a3 axb4 30. axb4 b5 31. Bg2 1/2-1/2

[Event "2. Bundesliga West 2011/12"]
[Site "Salzburg"]
[Date "2012.03.11"]
[Round "11"]
[Board "1"]
[White "Hommeles, Theo"]
[Black "Bayer, Bernhard"]
[Result "0-1"]
[WhiteElo "2416"]
[BlackElo "2434"]
[PlyCount "76"]
[EventDate "2011.10.07"]
[EventType "team"]
[EventRounds "11"]
[EventCountry "AUT"]
[WhiteTeam "Bregenz"]
[BlackTeam "Schwaz"]

1. e4 c6 2. c4 e5 3. Nf3 d6 4. d4 Nd7 5. Nc3 Ngf6 6. Be2 Be7 7. O-O O-O 8. Re1
Qc7 9. Bf1 Re8 10. Rb1 a6 11. b4 Bf8 12. a4 a5 13. b5 exd4 14. Nxd4 g6 15. Nc2
Nc5 16. f3 Nfd7 17. Bf4 Ne5 18. Ne3 Ne6 19. Bg3 Bh6 20. Bh4 Bg7 21. Qd2 Nd4 22.
Qf2 f5 23. Rbd1 f4 24. Nc2 Ne6 25. Qd2 g5 26. Bf2 g4 27. fxg4 Nxg4 28. Bh4 Qb6+
29. Kh1 Bf6 30. Be2 Bxh4 31. Bxg4 Bxe1 32. Qxe1 Qc5 33. Qe2 Qe5 34. Rd3 Ng7 35.
bxc6 bxc6 36. Nd4 Qc5 37. h3 Qxc4 38. Bf3 Ba6 0-1